IT management a IT governance diplomová práca

Saved in:
Bibliographic Details
Main Author: Šerfel, Adam
Corporate Author: Fakulta hospodárskej informatiky EU. Katedra aplikovanej informatiky
Other Authors: Cárachová, Magdaléna
Format: Book
Language:Slovak
Published: Bratislava 2022
Tags: Add Tag
No Tags, Be the first to tag this record!

MARC

LEADER 00000nbm a2200000 4500
001 0285974
005 20221214135628.6
041 0 |a slo 
044 |a SK 
245 1 0 |a IT management a IT governance  |b diplomová práca  |c Adam Šerfel ; školiteľ: Magdaléna Cárachová 
264 1 |a Bratislava  |c 2022 
300 |a 69 s. 
100 1 |a Šerfel, Adam 
700 1 |a Cárachová, Magdaléna 
710 2 |a Fakulta hospodárskej informatiky EU. Katedra aplikovanej informatiky